[Event "SVK-chT2B 2223"]
[Site "Slovakia"]
[Date "2022.10.08"]
[Round "1.3"]
[White "Chovanec, Milan"]
[Black "Urban, Gabor"]
[Result "0-1"]
[WhiteElo "2062"]
[BlackElo "2041"]
[PlyCount "54"]
[EventDate "2022.10.08"]
[EventType "team-tourn"]
[EventRounds "11"]
[EventCountry "SVK"]
[SourceTitle "CBM 210 Extra"]
[Source "ChessBase"]
[SourceDate "2022.11.30"]
[SourceVersion "1"]
[SourceVersionDate "2022.11.30"]
[SourceQuality "1"]
[WhiteTeam "Povazske Podhradie"]
[BlackTeam "Batorove Kosihy"]
[WhiteTeamCountry "SVK"]
[BlackTeamCountry "SVK"]

1. e4 c6 2. d4 d5 3. Nc3 dxe4 4. Nxe4 Bf5 5. Ng3 Bg6 6. N1e2 e6 7. Nf4 Nf6 8. h4 Be7 9. h5 Bf5 10. Nxf5 exf5 11. c3 Nbd7 12. Qc2 Ne4 13. Be3 0-0 14. 0-0-0 Bd6 15. Bd3 Ndf6 16. Ne2 Qa5 17. Kb1 Rfe8 18. Bf4 Qc7 19. Bxd6 Qxd6 20. Rdf1 Ng4 21. Bxe4 fxe4 22. Ng3 Qf4 23. Qc1 e3 24. Rh4 Qg5 25. Rh3 h6 26. fxe3 Nxe3 27. Nf5 Nxf1 0-1

[Event "SVK-chT1W 1920"]
[Site "Slovakia"]
[Date "2020.02.22"]
[Round "8.5"]
[White "Urban, Gabor"]
[Black "Mikulas, Dusan"]
[Result "1/2-1/2"]
[WhiteElo "1996"]
[BlackElo "1999"]
[PlyCount "36"]
[EventDate "2019.10.12"]
[EventType "team-tourn"]
[EventRounds "11"]
[EventCountry "SVK"]
[SourceTitle "CBM 195 Extra"]
[Source "ChessBase"]
[SourceDate "2020.05.31"]
[SourceVersion "1"]
[SourceVersionDate "2020.05.31"]
[SourceQuality "1"]
[WhiteTeam "Batorove Kosihy"]
[BlackTeam "Bratislava Slovan II"]
[WhiteTeamCountry "SVK"]
[BlackTeamCountry "SVK"]

1. c4 e5 2. Nc3 d6 3. Nf3 g6 4. d4 Nd7 5. e4 Bg7 6. Be3 Ngf6 7. h3 0-0 8. Qd2 c6 9. Bd3 a6 10. 0-0 b5 11. a3 Qc7 12. Rac1 bxc4 13. Bxc4 Nb6 14. Ba2 exd4 15. Nxd4 c5 16. Nde2 Be6 17. b4 Nc4 18. Bxc4 Bxc4 1/2-1/2

[Event "SVK-chT1W 1213"]
[Site "Slovakia"]
[Date "2013.01.13"]
[Round "6.5"]
[White "Urban, Gabor"]
[Black "Nikel, Rastislav"]
[Result "1/2-1/2"]
[WhiteElo "1958"]
[BlackElo "2073"]
[PlyCount "62"]
[EventDate "2012.10.20"]
[EventType "team-tourn"]
[EventRounds "11"]
[EventCountry "SVK"]
[SourceTitle "EXT 2015"]
[Source "ChessBase"]
[SourceDate "2014.11.20"]
[SourceVersion "1"]
[SourceVersionDate "2014.11.20"]
[SourceQuality "1"]
[WhiteTeam "Batorove Kosihy"]
[BlackTeam "Levice"]
[WhiteTeamCountry "SVK"]
[BlackTeamCountry "SVK"]

1. c4 e5 2. Nc3 f5 3. d3 Nf6 4. g3 g6 5. Bg2 Bg7 6. e3 0-0 7. Nge2 d6 8. 0-0 a5 9. Rb1 Na6 10. a3 g5 11. f4 h6 12. b4 axb4 13. axb4 Qe8 14. Nd5 Nxd5 15. Bxd5+ Kh8 16. Bg2 c6 17. Bd2 Be6 18. Bc3 Qf7 19. Nc1 e4 20. Bxg7+ Qxg7 21. Qc2 d5 22. cxd5 cxd5 23. d4 Rfc8 24. Qd2 b6 25. Na2 Qd7 26. Rfc1 Rxc1+ 27. Rxc1 Rc8 28. Rxc8+ Qxc8 29. Qe2 gxf4 30. gxf4 Qc4 31. Bf1 Qxa2 1/2-1/2

[Event "SVK-chT1W 1213"]
[Site "Slovakia"]
[Date "2012.12.08"]
[Round "3.4"]
[White "Machalova, Maria"]
[Black "Urban, Gabor"]
[Result "1-0"]
[WhiteElo "2105"]
[BlackElo "1958"]
[PlyCount "55"]
[EventDate "2012.10.20"]
[EventType "team-tourn"]
[EventRounds "11"]
[EventCountry "SVK"]
[SourceTitle "EXT 2014"]
[Source "ChessBase"]
[SourceDate "2013.11.20"]
[SourceVersion "1"]
[SourceVersionDate "2013.11.20"]
[SourceQuality "1"]
[WhiteTeam "Budmerice"]
[BlackTeam "Batorove Kosihy"]
[WhiteTeamCountry "SVK"]
[BlackTeamCountry "SVK"]

1. c4 c5 2. Nc3 Nc6 3. g3 g6 4. Bg2 Bg7 5. d3 d6 6. e4 e6 7. Be3 Nge7 8. Nge2 0-0 9. d4 cxd4 10. Nxd4 a6 11. 0-0 Rb8 12. h3 e5 13. Nde2 b5 14. cxb5 axb5 15. Rc1 Be6 16. Nd5 Bxd5 17. exd5 Nb4 18. Qd2 Na6 19. Bg5 f6 20. Be3 Qd7 21. Kh2 Rfc8 22. b4 Nf5 23. a3 Nxe3 24. Qxe3 f5 25. Rc6 Rxc6 26. dxc6 Qf7 27. Rd1 Qf8 28. Qa7 1-0

[Event "SVK-chT2B 10/11"]
[Site "Slovakia"]
[Date "2010.12.05"]
[Round "4.4"]
[White "Hlinka, Miroslav"]
[Black "Urban, Gabor"]
[Result "1-0"]
[WhiteElo "2043"]
[BlackElo "2047"]
[PlyCount "78"]
[EventDate "2010.10.23"]
[EventType "team-tourn"]
[EventRounds "11"]
[EventCountry "SVK"]
[SourceTitle "EXT 2019"]
[Source "ChessBase"]
[SourceDate "2018.10.10"]
[SourceVersion "1"]
[SourceVersionDate "2018.10.10"]
[SourceQuality "1"]
[WhiteTeam "Povazska Bystrica SK Sparta"]
[BlackTeam "Batorove Kosihy"]
[WhiteTeamCountry "SVK"]
[BlackTeamCountry "SVK"]

1. d4 f5 2. c4 Nf6 3. Nc3 e6 4. Bg5 Be7 5. Nf3 0-0 6. e3 d6 7. Bd3 h6 8. Bxf6 Bxf6 9. Rc1 Nc6 10. a3 a5 11. 0-0 Kh8 12. d5 Ne7 13. dxe6 Bxe6 14. Nd4 Bd7 15. Qf3 c5 16. Ndb5 Bc6 17. Qg3 Be5 18. f4 Bxc3 19. Nxc3 d5 20. cxd5 Nxd5 21. Nxd5 Qxd5 22. Rfd1 Rad8 23. Qf2 Qb3 24. Qe2 b6 25. Bc4 Qa4 26. Rd2 Bb7 27. Rcd1 Rxd2 28. Rxd2 Qe8 29. Rd6 Qe4 30. Bd3 Qe7 31. Rxb6 Bd5 32. Rg6 Qf7 33. Ra6 c4 34. Bb1 Rd8 35. Qd2 Qe8 36. Qe2 Qb5 37. Rg6 Bf7 38. Rg3 Qc5 39. h3 c3 1-0

[Event "SVK-chT2B 10/11"]
[Site "Slovakia"]
[Date "2010.12.04"]
[Round "3.3"]
[White "Urban, Gabor"]
[Black "Vrbica, Ladislav"]
[Result "1/2-1/2"]
[WhiteElo "2047"]
[BlackElo "1955"]
[PlyCount "117"]
[EventDate "2010.10.23"]
[EventType "team-tourn"]
[EventRounds "11"]
[EventCountry "SVK"]
[SourceTitle "EXT 2019"]
[Source "ChessBase"]
[SourceDate "2018.10.10"]
[SourceVersion "1"]
[SourceVersionDate "2018.10.10"]
[SourceQuality "1"]
[WhiteTeam "Batorove Kosihy"]
[BlackTeam "Povazska Bystrica SK Sparta II"]
[WhiteTeamCountry "SVK"]
[BlackTeamCountry "SVK"]

1. c4 c5 2. Nc3 Nc6 3. Nf3 g6 4. g3 Bg7 5. Bg2 e6 6. 0-0 Nge7 7. d4 Nxd4 8. Nxd4 cxd4 9. Nb5 Qb6 10. e3 d5 11. b3 dxc4 12. bxc4 0-0 13. Rb1 a6 14. Ba3 axb5 15. Bxe7 Re8 16. c5 Qa6 17. Bd6 Bd7 18. a4 Bc6 19. axb5 Bxb5 20. exd4 Bf8 21. Bxf8 Rxf8 22. Re1 Rfd8 23. Ra1 Qxa1 24. Qxa1 Rxa1 25. Rxa1 Rxd4 26. Bxb7 Rc4 27. Ra8+ Kg7 28. Rc8 Rc1+ 29. Kg2 Bf1+ 30. Kf3 Rc3+ 31. Ke4 Bg2+ 32. Kd4 Bxb7 33. Rb8 Rb3 34. c6 Bxc6 35. Rxb3 g5 36. f4 h6 37. Ke5 Bd5 38. Rb5 Ba2 39. Rb7 Kg6 40. Rb2 f6+ 41. Kd4 Bd5 42. Ke3 g4 43. Rb8 Ba2 44. Ke4 Bd5+ 45. Kd4 Bf3 46. Rc8 Bd1 47. Rc7 Bb3 48. Re7 Kf5 49. Rb7 Ba2 50. Rb2 e5+ 51. fxe5 fxe5+ 52. Ke3 Bd5 53. Rb5 Bg2 54. Ra5 h5 55. Rc5 Be4 56. Rc8 Bg2 57. Rh8 Kg6 58. Re8 Kf6 59. Rh8 1/2-1/2

[Event "SVK-chT2B 10/11"]
[Site "Slovakia"]
[Date "2010.10.24"]
[Round "2.6"]
[White "Urban, Gabor"]
[Black "Valovic, Stefan"]
[Result "1-0"]
[WhiteElo "2047"]
[BlackElo "2003"]
[PlyCount "53"]
[EventDate "2010.10.23"]
[EventType "team-tourn"]
[EventRounds "11"]
[EventCountry "SVK"]
[SourceTitle "EXT 2019"]
[Source "ChessBase"]
[SourceDate "2018.10.10"]
[SourceVersion "1"]
[SourceVersionDate "2018.10.10"]
[SourceQuality "1"]
[WhiteTeam "Batorove Kosihy"]
[BlackTeam "Topolcianky SK"]
[WhiteTeamCountry "SVK"]
[BlackTeamCountry "SVK"]

1. c4 c6 2. Nc3 d5 3. cxd5 cxd5 4. d4 Nc6 5. Bf4 a6 6. e3 Nf6 7. a3 e6 8. Bd3 Bd6 9. Bg5 h6 10. Bh4 g5 11. Bg3 Bxg3 12. hxg3 e5 13. dxe5 Nxe5 14. Bc2 Nc6 15. Nge2 Bg4 16. f3 Be6 17. Nd4 Qd6 18. Kf2 Ne5 19. Nf5 Bxf5 20. Bxf5 Nc4 21. Qd4 Ke7 22. Rad1 Rad8 23. Na4 b5 24. Nc5 Nxb2 25. Qxb2 Qxc5 26. Qe5+ Kf8 27. Qxf6 1-0

[Event "SVK-chT2B 0809"]
[Site "Slovakia"]
[Date "2009.01.31"]
[Round "8.5"]
[White "Blazek, Milos"]
[Black "Urban, Gabor"]
[Result "1-0"]
[WhiteElo "2077"]
[BlackElo "2041"]
[PlyCount "77"]
[EventDate "2008.10.11"]
[EventType "team-tourn"]
[EventRounds "11"]
[EventCountry "SVK"]
[SourceTitle "EXT 2010"]
[Source "ChessBase"]
[SourceDate "2010.11.25"]
[SourceVersion "1"]
[SourceVersionDate "2010.11.25"]
[SourceQuality "1"]
[WhiteTeam "Trencin SK II"]
[BlackTeam "Batorove Kosihy"]
[WhiteTeamCountry "SVK"]
[BlackTeamCountry "SVK"]

1. e4 c6 2. d4 d5 3. e5 Bf5 4. Nc3 e6 5. g4 Bg6 6. Nge2 h6 7. h4 Nd7 8. f4 Be7 9. g5 c5 10. Be3 cxd4 11. Nxd4 hxg5 12. h5 Be4 13. Nxe4 dxe4 14. f5 Qa5+ 15. c3 0-0-0 16. fxe6 Nxe5 17. exf7 Nf6 18. Be2 Nd5 19. Qd2 Nxf7 20. 0-0 Nf6 21. Qe1 Qe5 22. Rf5 Qb8 23. Bc4 g6 24. Be6+ Rd7 25. Rf2 Ne5 26. Qf1 Rxh5 27. Rxf6 Bxf6 28. Qg2 Nf3+ 29. Nxf3 exf3 30. Qf2 Kd8 31. Bxd7 Kxd7 32. Rd1+ Ke7 33. Bd4 Bxd4 34. Rxd4 Rh3 35. Qe3+ Kf7 36. Rd7+ Kg8 37. Qe6+ Kh8 38. Qf6+ Kg8 39. Qg7# 1-0

[Event "HUN-chT U18"]
[Site "Miskolc"]
[Date "2008.10.30"]
[Round "7.6"]
[White "Urban, Gabor"]
[Black "Bodi, Tibor"]
[Result "1/2-1/2"]
[WhiteElo "2041"]
[BlackElo "1867"]
[PlyCount "90"]
[EventDate "2008.10.27"]
[EventType "team-swiss"]
[EventRounds "8"]
[EventCountry "HUN"]
[SourceTitle "EXT 2016"]
[Source "ChessBase"]
[SourceDate "2015.10.08"]
[SourceVersion "1"]
[SourceVersionDate "2015.10.08"]
[SourceQuality "1"]

1. d4 f5 2. c4 Nf6 3. d5 g6 4. Nc3 Bg7 5. Nf3 0-0 6. h4 c6 7. Bf4 Qb6 8. Qc2 cxd5 9. cxd5 Ne4 10. Nxe4 fxe4 11. Qxe4 Qxb2 12. Rd1 d6 13. Bd2 Qxa2 14. Nd4 Bf5 15. Nxf5 Rxf5 16. Qe6+ Kf8 17. e4 Re5 18. Qc8+ Kf7 19. f3 Qb3 20. Bc4 Qb6 21. Ke2 Qc5 22. Qxc5 dxc5 23. Kd3 a6 24. f4 Rh5 25. g4 Rh6 26. d6+ Ke8 27. dxe7 Kxe7 28. Bd5 Ra7 29. f5 gxf5 30. gxf5 Rd6 31. Rhg1 Bf6 32. Rg8 Nd7 33. Rdg1 Ne5+ 34. Ke2 Rd8 35. Rxd8 Kxd8 36. Ba5+ Kd7 37. Bb6 Ra8 38. Rd1 Ke8 39. Rg1 Kd7 40. Bxc5 Rb8 41. Bb6 h5 42. Rc1 Nc6 43. Be6+ Ke7 44. Rd1 Ne5 45. Bc5+ Ke8 1/2-1/2

[Event "HUN-chT U18"]
[Site "Miskolc"]
[Date "2008.10.29"]
[Round "5.3"]
[White "Urban, Gabor"]
[Black "Koban, Balint"]
[Result "0-1"]
[WhiteElo "2041"]
[BlackElo "2210"]
[PlyCount "54"]
[EventDate "2008.10.27"]
[EventType "team-swiss"]
[EventRounds "8"]
[EventCountry "HUN"]
[SourceTitle "EXT 2016"]
[Source "ChessBase"]
[SourceDate "2015.10.08"]
[SourceVersion "1"]
[SourceVersionDate "2015.10.08"]
[SourceQuality "1"]

1. c4 c5 2. Nc3 Nc6 3. Nf3 e5 4. e3 Nf6 5. d4 cxd4 6. exd4 e4 7. Ng5 Bb4 8. d5 Ne5 9. a3 Bxc3+ 10. bxc3 d6 11. f3 h6 12. f4 Ng6 13. Nh3 Qa5 14. Qb3 Nh4 15. Nf2 0-0 16. Qb4 Qc7 17. Be3 Re8 18. 0-0-0 Nf5 19. Re1 b5 20. g4 Nxe3 21. Rxe3 a5 22. Qxb5 Rb8 23. Qc6 Qa7 24. c5 Bd7 25. Qxd6 Qb7 26. Nxe4 Nxe4 27. Rxe4 Qb1+ 0-1

[Event "HUN-chT U18"]
[Site "Miskolc"]
[Date "2008.10.28"]
[Round "3.1"]
[White "Urban, Gabor"]
[Black "Amstadt, Aron"]
[Result "0-1"]
[WhiteElo "2041"]
[BlackElo "2196"]
[PlyCount "76"]
[EventDate "2008.10.27"]
[EventType "team-swiss"]
[EventRounds "8"]
[EventCountry "HUN"]
[SourceTitle "EXT 2016"]
[Source "ChessBase"]
[SourceDate "2015.10.08"]
[SourceVersion "1"]
[SourceVersionDate "2015.10.08"]
[SourceQuality "1"]

1. c4 e5 2. Nc3 Nf6 3. Nf3 Nc6 4. g3 d5 5. cxd5 Nxd5 6. d3 Be7 7. Bg2 Nb6 8. 0-0 0-0 9. a3 Be6 10. b4 f5 11. Bb2 a6 12. e3 Qd7 13. Qc2 Rad8 14. Rad1 Bf6 15. Ne2 Qf7 16. Qb1 Rd6 17. Qa1 Bb3 18. Nxe5 Nxe5 19. Bxe5 Bxd1 20. Rxd1 Bxe5 21. Qxe5 Qb3 22. Rc1 Nd7 23. Qc3 Qxc3 24. Rxc3 c6 25. d4 g5 26. Rb3 Nb6 27. f3 Nc4 28. Rc3 b5 29. g4 f4 30. e4 Ra8 31. a4 a5 32. axb5 cxb5 33. bxa5 Rxa5 34. Rc1 Ne3 35. Kf2 Ra2 36. Bf1 Rxd4 37. Ke1 Rdd2 38. Nc3 Rac2 0-1